Manual de técnicas de psicoterapia: un enfoque psicoanalítico

保存先:
書誌詳細
主要な著者: Avila Espada, Alejandro (著者), Poch i Bullich, Joaquín (著者)
フォーマット: 図書
言語:スペイン語
出版事項: Ciudad de México Siglo Veintiuno 1994
シリーズ:Manuales Psicología
主題:
タグ: タグ追加
タグなし, このレコードへの初めてのタグを付けませんか!

MARC

LEADER 00000nam a2200000 a 4500
001 UCU8206
003 CL-VaPUC
008 960719e19940000MX |||||||||||||||||spa|d
082 0 4 |a 616.891  |b AVI  |2 21 
100 0 |a Avila Espada, Alejandro  |e author  |9 367533 
700 0 |a Poch i Bullich, Joaquín  |e author  |9 367534 
245 1 0 |a Manual de técnicas de psicoterapia: un enfoque psicoanalítico 
300 |a 765 p 
942 |c BK 
945 |d 19960719 00:00:00  |a rbrito 
260 |a Ciudad de México  |b Siglo Veintiuno  |c 1994 
650 7 |a PSICOTERAPIA  |2 CL-VaPUC  |9 367535 
650 0 |a Psicoanálisis   |9 265702 
650 0 |a Psicología   |9 257863 
650 7 |a TERAPIA DEL COMPORTAMIENTO  |2 CL-VaPUC  |9 367536 
650 7 |a SUBCONCIENTE  |2 CL-VaPUC  |9 349566 
650 7 |a PSICOSIS  |2 CL-VaPUC  |9 315438 
650 0 |a Psicoterapia familiar  |9 310747 
650 0 |a Terapia familiar  |9 312193 
583 |a last modification  |c 19960719 00:00:00  |k Rodrigo Vera 
490 0 |a Manuales Psicología 
999 |c 250697  |d 250695 
952 |0 0  |1 0  |4 0  |6 616_891000000000000_AVI_1994  |7 0  |8 A  |9 269160  |a BIBEDU  |b BIBEDU  |c ES_NOD  |d 2019-11-19  |i 3215067  |o 616.891 AVI 1994  |p 3215067  |r 2023-08-09  |w 2019-11-19  |y BK  |k PSI